| 000 | 00657nam a22002177a 4500 | ||
|---|---|---|---|
| 005 | 20250723120055.0 | ||
| 010 | _aG-001379 ENG-146077 | ||
| 020 |
_a9788190554640 _c595.00 |
||
| 035 | _aG-001379 | ||
| 035 | _aEN-129609 | ||
| 037 | _bGift | ||
| 037 | _bDBAD | ||
| 082 | _a230.35 | ||
| 100 |
_aChaudhry, Jyoti K. _983170 |
||
| 245 |
_aGreatest saints of India / _cby Jyoti K. Chaudhry |
||
| 260 |
_aPanchkula _bDelhi Book Bureau _c2010 |
||
| 270 |
_aSCO 43, Ist Floor, Swastick Vihar, MDC Complex, _bPanchkula _e134113 |
||
| 300 |
_a231p. _c22cm(Hb) |
||
| 942 |
_2ddc _cEN _h230.35 _mCHA |
||
| 999 |
_c56238 _d56238 |
||